| 000 | 00561nam a2200181 i 4500 | ||
|---|---|---|---|
| 001 | 59462 | ||
| 003 | ES-MaACL | ||
| 005 | 20230906164033.0 | ||
| 007 | t| | ||
| 008 | 031029s1970 sp ||||1| spa d | ||
| 100 | 1 |
_aEisenstadt, S. N. _946861 |
|
| 245 | 1 | 0 |
_aEnsayos sobre el cambio social y la modernización / _cS.N. Eisenstadt ; [traducción por José Elizalde]. |
| 260 |
_aMadrid : _bTecnos, _c[1970] |
||
| 300 |
_a340 p. ; _c24 cm. |
||
| 700 | 1 |
_aElizalde, José. _947010 |
|
| 852 |
_aES-MaACL _jC-38071 _bR.74176 |
||
| 852 |
_aES-MaACL _jC-38042 _bR.74112 |
||
| 999 |
_c59462 _d59462 |
||